<?xml version="1.0" encoding="UTF-8"?>
<record
    xmlns:xsi="http://www.w3.org/2001/XMLSchema-instance"
    xsi:schemaLocation="http://www.loc.gov/MARC21/slim http://www.loc.gov/standards/marcxml/schema/MARC21slim.xsd"
    xmlns="http://www.loc.gov/MARC21/slim">

  <leader>00819nam a2200193Ia 4500</leader>
  <datafield tag="999" ind1=" " ind2=" ">
    <subfield code="c">41502</subfield>
    <subfield code="d">41502</subfield>
  </datafield>
  <controlfield tag="001">8169</controlfield>
  <controlfield tag="003">GE_BSU</controlfield>
  <controlfield tag="005">20240402103440.0</controlfield>
  <controlfield tag="008">181216s2011||||ru |||||||||||||| ||   ||</controlfield>
  <datafield tag="020" ind1=" " ind2=" ">
    <subfield code="a">9789941032738</subfield>
  </datafield>
  <datafield tag="040" ind1=" " ind2=" ">
    <subfield code="c">GE_BSU</subfield>
  </datafield>
  <datafield tag="080" ind1=" " ind2=" ">
    <subfield code="a">621.397 &#x41A;-55</subfield>
  </datafield>
  <datafield tag="100" ind1=" " ind2=" ">
    <subfield code="a">&#x41A;&#x43E;&#x431;&#x438;&#x430;&#x448;&#x432;&#x438;&#x43B;&#x438;, &#x41D;&#x435;&#x43B;&#x438;</subfield>
    <subfield code="9">21674</subfield>
  </datafield>
  <datafield tag="245" ind1=" " ind2=" ">
    <subfield code="a">&#x414;&#x430;&#x43B;&#x435;&#x43A;&#x43E;&#x435;-&#x431;&#x43B;&#x438;&#x437;&#x43A;&#x43E;&#x435; /</subfield>
    <subfield code="c">&#x41D;&#x435;&#x43B;&#x43B;&#x438; &#x41A;&#x43E;&#x431;&#x438;&#x430;&#x448;&#x432;&#x438;&#x43B;&#x438; ; &#x420;&#x435;&#x434;&#x430;&#x43A;&#x442;&#x43E;&#x440;, &#x430;&#x432;&#x442;&#x43E;&#x440; &#x438;&#x434;&#x435;&#x439; &#x43F;&#x435;&#x447;&#x430;&#x442;&#x43D;&#x43E;&#x439; &#x432;&#x435;&#x440;&#x441;&#x438;&#x438; &#x446;&#x438;&#x43A;&#x43B;&#x43E;&#x432; &#x438; &#x442;&#x435;&#x43B;&#x435;&#x43F;&#x435;&#x440;&#x435;&#x434;&#x430;&#x447; &#x42D;&#x43B;&#x44C;&#x437;&#x430; &#x41D;&#x430;&#x431;&#x430;&#x445;&#x442;&#x435;&#x432;&#x435;&#x43B;&#x438; ; &#x420;&#x435;&#x434;&#x430;&#x43A;&#x442;&#x43E;&#x440; &#x440;&#x443;&#x441;&#x441;&#x43A;&#x43E;&#x433;&#x43E; &#x442;&#x435;&#x43A;&#x441;&#x442;&#x430; &#x41C;&#x430;&#x439;&#x430; &#x41A;&#x443;&#x437;&#x43C;&#x438;&#x43D;&#x430; ; &#x414;&#x438;&#x437;&#x430;&#x439;&#x43D;&#x435;&#x440; &#x41C;&#x438;&#x440;&#x438;&#x430;&#x43D; &#x425;&#x430;&#x43D;&#x438;&#x448;&#x432;&#x438;&#x43B;&#x438;.</subfield>
  </datafield>
  <datafield tag="264" ind1=" " ind2=" ">
    <subfield code="a">&#x422;&#x431;&#x438;&#x43B;&#x438;&#x441;&#x438; :</subfield>
    <subfield code="b">&#x421;&#x435;&#x437;&#x430;&#x43D;&#x435;,</subfield>
    <subfield code="c">2011.</subfield>
  </datafield>
  <datafield tag="300" ind1=" " ind2=" ">
    <subfield code="a">146&#x441;. ;</subfield>
    <subfield code="c">25 &#x441;&#x43C;.</subfield>
  </datafield>
  <datafield tag="653" ind1=" " ind2=" ">
    <subfield code="a">&#x414;&#x430;&#x43B;&#x435;&#x43A;&#x43E;&#x435;-&#x431;&#x43B;&#x438;&#x437;&#x43A;&#x43E;&#x435;</subfield>
  </datafield>
  <datafield tag="942" ind1=" " ind2=" ">
    <subfield code="c">BK</subfield>
    <subfield code="2">udc</subfield>
  </datafield>
  <datafield tag="952" ind1=" " ind2=" ">
    <subfield code="0">0</subfield>
    <subfield code="1">0</subfield>
    <subfield code="2">udc</subfield>
    <subfield code="4">0</subfield>
    <subfield code="6">621397_&#x41A;55</subfield>
    <subfield code="7">0</subfield>
    <subfield code="9">48941</subfield>
    <subfield code="a">CPL</subfield>
    <subfield code="b">CPL</subfield>
    <subfield code="c">GEN</subfield>
    <subfield code="d">2018-12-17</subfield>
    <subfield code="o">621.397 &#x41A;-55</subfield>
    <subfield code="p">26410</subfield>
    <subfield code="r">2018-12-17</subfield>
    <subfield code="t">26410</subfield>
    <subfield code="w">2018-12-17</subfield>
    <subfield code="y">BK</subfield>
  </datafield>
</record>
